000 00472nam a22001697a 4500
999 _c160703
_d160703
005 20190208120742.0
010 _aB-030214
020 _a9780521799140
035 _aB-030214
037 _bCambridge University Press
082 _a959.1
100 _aMyint-U, Thant
245 _aTha making of modern Burma /
_cThant Myint-U
260 _aNew York
_bCambridge University Press
_c2001
300 _a284p.
_c22cm(pbk)
942 _2ddc
_cEN
_h959.1
_mTHA